000 00599nam a2200229Ia 4500
003 OSt
005 20220923225927.0
006 a|||||r|||| 00| 0
007 ta
008 Pun
024 _a275,930
037 _cTextual
040 _aARTS
_cARTS
_bPun
041 _2Pun
_aPun
082 _aO152,1NKUx, 153M9
100 _aਕੁਲਭੂFਨ ਕੁਸਲ
_9168861
245 0 _aਖ਼ਿਲਹਾਲ
260 _c1989
650 _aਪੰਜਾਬੀ ਸਾਹਿਤ
942 _hO152,1NKUx, 153M9
_cTEXL
_2CC
999 _c381364
_d381364